Long-term energy resources / (Record no. 137114)

MARC details
000 -LEADER
fixed length control field 00609nam a22002057a 4500
010 ## - LIBRARY OF CONGRESS CONTROL NUMBER
LC control number A-248339
020 ## - INTERNATIONAL STANDARD BOOK NUMBER
International Standard Book Number 0273085344
035 ## - SYSTEM CONTROL NUMBER
System control number A-248339
037 ## - SOURCE OF ACQUISITION
Source of stock number/acquisition Cen Lib / Ret
040 ## - CATALOGING SOURCE
Original cataloging agency DPL
Language of cataloging EN
082 ## - DEWEY DECIMAL CLASSIFICATION NUMBER
Classification number 333.7
Item number LON
245 ## - TITLE STATEMENT
Title Long-term energy resources /
Statement of responsibility, etc by R F Meyer [and] J C Olson
260 ## - PUBLICATION, DISTRIBUTION, ETC. (IMPRINT)
Place of publication, distribution, etc Boston
Name of publisher, distributor, etc Pitman
Date of publication, distribution, etc 1979
270 ## - ADDRESS
Address Pitman
City Boston
300 ## - PHYSICAL DESCRIPTION
Extent (v 2. 733-1478p)
Dimensions 27cm(Hb)
650 ## - SUBJECT ADDED ENTRY--TOPICAL TERM
Topical term or geographic name as entry element Energy industries -- Congresses.
650 ## - SUBJECT ADDED ENTRY--TOPICAL TERM
Topical term or geographic name as entry element Energy development -- Congresses. Energy development.
700 ## - ADDED ENTRY--PERSONAL NAME
Personal name Olson, J. C.
942 ## - ADDED ENTRY ELEMENTS (KOHA)
Source of classification or shelving scheme Dewey Decimal Classification
Koha item type English Books
Classification part 333.7
Call number suffix LON
Holdings
Withdrawn status Lost status Materials specified (bound volume or other part) Damaged status Not for loan Home library Current library Date acquired Source of acquisition Total Checkouts Full call number Barcode Date last seen Copy number Price effective from Koha item type
    v 2     Central Library Central Library 17/03/2016 Cen Lib/Ret   333.7 LON A-248339 17/03/2016 1 17/03/2016 English Books

© Delhi Public Library
Hit Counter
free hit counter